Statistiques concernant Pays les plus proches de Gabon

Cliquez ici pour prendre le quiz!

Statistiques générales

  • Ce quiz a été pris 73 fois
  • Le résultat moyen est 16 sur 20

Statistiques - réponses

kmpais% Correct
0Congo
100%
158Rép dém du Congo
100%
0Cameroun
96%
0Guinée équatoriale
93%
118Angola
90%
969Bénin
89%
1184Niger
86%
1044Togo
84%
232République
Centrafricaine
81%
418Nigeria
80%
1442Côte d'Ivoire
77%
1091Ghana
77%
637Tchad
76%
1604Rwanda
71%
237Sao Tomé-
et-Principe
70%
1463Namibie
69%
1396Soudan
67%
1314Soudan du Sud
67%
1429Burkina Faso
60%
1435Zambie
60%

Distribution des résultats

Percentile par nombre de réponses

% des personnes avec chaque résultat

Votre développement - résultats

Vous n’avez pas pris ce quiz